000 00704nam a2200289Ia 4500
005 20260324143547.0
008 008 260324s9999 xx 000 0 eng d
020 _a9781315488134
037 _aEBOOK
040 _aCRL
040 _beng
040 _cCRL
041 _2eng
041 _aeng
084 _qCRL
100 _aJames W. Brock; Kenneth G. Elzinga
_91216087
245 0 _aAntitrust, the Market and the State
245 0 _bContributions of Walter Adams
260 _bTaylor and Francis
260 _c1991
365 _a
365 _b290
856 _uhttp://www.taylorfrancis.com/books/9781315488134
942 _cEBOOK
999 _c1821631
_d1821631